| 000 | 00000nam##2200000za#4500 |
| 001 | 9.648171 |
| 003 | CaOODSP |
| 005 | 20200330091917 |
| 007 | ta |
| 008 | 150407|1999||||xxc||||| f|0| 0 eng|d |
| 020 | |a0-662-30502-7 |
| 040 | |aCaOODSP|beng |
| 043 | |an-cn--- |
| 086 | 1 |aE2-343/1999E |
| 110 | 1 |aCanada.|bForeign Affairs and International Trade. |bCanadian Centre for Foreign Policy Development. |
| 245 | 10|aNational Forum on Canada's International Relations, 1999 : |bCanada and the UN Security Council |
| 246 | 1 |iAdditional title (within publication) : |aA United Nations for a secure humanity: 1999 National Forum report on Canada and the UN Security Council |
| 260 | |aOttawa - Ontario : |bForeign Affairs and International Trade. |c1999. |
| 300 | |a20p. in various pagings. : |billus. ; |c28 cm. |
| 563 | |aSoftcover |
| 590 | |a02-35|b2002-08-23 |
| 690 | 07|aConferences|2gcpds |
| 690 | 07|aExternal relations|2gcpds |
| 775 | 08|tUne organisation des Nations Unies garante de la sécurité humaine : |w(CaOODSP)9.681496 |
| 776 | 0#|tA United Nations for a Secure Humanity : |w(CaOODSP)9.686133 |